000 01110cam a2200301 4500
001 M1687
008 090401t1995 xxu||||| |||| 00| 0 eng d
035 _a(Sirsi) u33748
041 _aeng
050 _a333.332
090 _aRICS 1995/7ABCD
110 _aRoyal Institution of Chartered Surveyors
_94900
245 _aValuation of land and buildings for the purposes of the annual and consolidated accounts of insurance undertakings.
260 _aLondon
_bRICS
_c1995
300 _a4,(2)p. ; 30cm.
350 _a0
490 _aRICS Position Paper
520 _aWITHDRAWN FROM PUBLICATION 1996. Concerned with the definition of market value contained in paragraph 26 of the Companies Act 1985 (Insurance Companies Accounts) Regulations 1993 (SI 1993:3246) which reproduces that in EC Directive 91/674/EEC.
650 _aCOMPANIES ACT 1985
650 _aINSURANCE COMPANIES ACCOUNTS REGULATIONS 1993
650 _aINSURANCE COMPANIES
650 _aMARKET VALUE
650 _aOPEN MARKET VALUE
650 _aTIAVSC
690 _aRATING AND VALUATION
942 _n0
948 _c04/03/1997
999 _c89841
_d89841